| 000 | 00684pam a2200205 a 4500 | ||
|---|---|---|---|
| 020 | _a0393033562 : | ||
| 082 | 0 | 0 |
_a690.21 _bLEW _cN-01, P-111 |
| 100 | 1 |
_aLevy, Matthys. _942996 |
|
| 245 | 1 | 0 |
_aWhy buildings fall down : _bhow structures fail / _cMatthys Levy and Mario Salvadori ; illustrations by Kevin Woest. |
| 260 |
_aNew York : _bW.W. Norton, _c1992. |
||
| 300 |
_a334 p. : _bill. ; _c24 cm. |
||
| 500 | _aIncludes index. | ||
| 526 |
_a0 _b0 _c0 _d690_210000000000000_LEW |
||
| 526 |
_a0 _b0 _c0 _d690_210000000000000_LEW |
||
| 650 | 0 | _aBuilding failures. | |
| 650 | 0 |
_aMCE _9379 |
|
| 650 | 0 | _aStructural failures. | |
| 700 | 1 |
_aSalvadori, Mario George, _932251 |
|
| 942 |
_2ddc _cBK |
||
| 999 |
_c548863 _d548863 |
||